000 01050cai a22001815a 4500
001 E144786
008 080811u xxk g 000 0 eng d
035 _a(Sirsi) u144786
041 0 _aeng
110 2 _aRoyal Commission on the Ancient and Historical Monuments of Scotland
_95593
245 0 0 _aRoyal Commission on the Ancient and Historical Monuments of Scotland
_h[electronic resource]
520 _aThe Royal Commission on the Ancient and Historical Monuments of Scotland (RCAHMS) records, interprets and collects information about the built environment, including buildings, sites, and ancient monuments. The information is then made available to the public. This website provides links to databases relating to the historic environment, including PASTMAP, AirPhoto Finder and Canmore.
590 _aKA
651 4 _aScotland
_y1999-
690 _aBUILT ENVIRONMENT-BUILDING TYPES-ANCIENT MONUMENTS AND HISTORIC BUILDINGS
856 4 0 _uhttps://www.rcahms.gov.uk/index.html
_zView the website free of charge at www.rcahms.gov.uk...
942 _n0
999 _c120697
_d120697